000 00652nam a2200205Ii 4500
003 JO-AjNU
008 230605s9999||||xx |||||||||||||| ||und||
017 _a96/13/163
040 _aJO-AjNU
_bara
_erda
_cJO-AjNU
041 _aara
050 1 4 _aKRM53.B84.M36.2005
100 3 _a جمعة ، حسين محمد ,
_eauthor
_920295
245 0 0 _aانهيار العمارات : الأسباب الهندسية والمسئولية القانونية 
250 _a(د،ط)
264 3 1 _aد، م : د ، ن ، 2005
300 _a135ص
336 _atext
_btxt
_2rdacontent
337 _aunmediated
_bn
_2rdamedia
338 _avolume
_bnc
_2rdacarrier
999 _aA6853
_c10421
_d10421